000 00341nam a2200133Ia 4500
008 240624s9999 xx 000 0 und d
041 _aeng
082 _a658.45 GRE
100 _aGREATBATCH DAVID
245 _aUSING CONVERSATION ANALYSIS FOR BUSINESS
260 _c2018
_aLondon
_bSage
300 _axvi, 106 p.; 23 cm.
365 _cBPS
_b35
999 _c31736
_d31736